Statistiques concernant Pièces d'échec par valeur

Cliquez ici pour prendre le quiz!

Statistiques générales

  • Ce quiz a été pris 311 fois
    (108 depuis la dernière actualisation)
  • Le résultat moyen est 5 sur 6

Statistiques - réponses

HintRéponse% Correct
9Dame
99%
5Tour
91%
3Cavalier
83%
3Fou
79%
1Pion
74%
???Roi
65%

Distribution des résultats

Percentile par nombre de réponses

% des personnes avec chaque résultat

Votre développement - résultats

Vous n’avez pas pris ce quiz depuis la dernière actualisation